<?xml version="1.0" encoding="UTF-8"?>
<record
    xmlns:xsi="http://www.w3.org/2001/XMLSchema-instance"
    xsi:schemaLocation="http://www.loc.gov/MARC21/slim http://www.loc.gov/standards/marcxml/schema/MARC21slim.xsd"
    xmlns="http://www.loc.gov/MARC21/slim">

  <leader>01559nam a2200397 a 4500</leader>
  <controlfield tag="005">20240412132912.0</controlfield>
  <controlfield tag="008">100309t1985||||ag     f      | 1s0 spa d</controlfield>
  <datafield tag="020" ind1=" " ind2=" ">
    <subfield code="a">9505510527</subfield>
  </datafield>
  <datafield tag="041" ind1=" " ind2=" ">
    <subfield code="a">spa</subfield>
  </datafield>
  <datafield tag="092" ind1=" " ind2=" ">
    <subfield code="c">323.82</subfield>
    <subfield code="l">34</subfield>
    <subfield code="s">HIN</subfield>
  </datafield>
  <datafield tag="245" ind1="4" ind2=" ">
    <subfield code="a">Los derechos humanos como politica.</subfield>
    <subfield code="b">Encuentro realizado el 20 y 21 de Junio de 1984 en Santiago de Chile /</subfield>
    <subfield code="c">Franz Hinkelammert</subfield>
  </datafield>
  <datafield tag="250" ind1=" " ind2=" ">
    <subfield code="a">1a ed. </subfield>
  </datafield>
  <datafield tag="260" ind1=" " ind2=" ">
    <subfield code="a">Buenos Aires:</subfield>
    <subfield code="b">Ediciones La Aurora;</subfield>
    <subfield code="c">1985.</subfield>
  </datafield>
  <datafield tag="300" ind1=" " ind2=" ">
    <subfield code="a">181 p.</subfield>
  </datafield>
  <datafield tag="500" ind1=" " ind2=" ">
    <subfield code="a">Hinkelammert, F. et al. (1985). Los derechos humanos como pol&#xED;tica. Encuentro realizado el 20 y 21 de junio de 1984 en Santiago de Chile. (1a ed.). Buenos Aires : Ediciones La Aurora.</subfield>
  </datafield>
  <datafield tag="590" ind1=" " ind2=" ">
    <subfield code="a">Donaci&#xF3;n Dora Vera, febrero 2017</subfield>
  </datafield>
  <datafield tag="653" ind1=" " ind2=" ">
    <subfield code="a">Educaci&#xF3;n y mundo actual</subfield>
  </datafield>
  <datafield tag="653" ind1=" " ind2=" ">
    <subfield code="a">Educar hoy ... &#xBF; para qu&#xE8;?</subfield>
  </datafield>
  <datafield tag="653" ind1=" " ind2="4">
    <subfield code="a">Una alternativa educativa : educaci&#xF3;n personalizada</subfield>
  </datafield>
  <datafield tag="653" ind1=" " ind2="3">
    <subfield code="a">La educaci&#xF3;n en los valores </subfield>
  </datafield>
  <datafield tag="653" ind1=" " ind2=" ">
    <subfield code="a">Personalizaci&#xF3;n de proferosresy personal directivo. Actitudes del magisterio.</subfield>
  </datafield>
  <datafield tag="653" ind1=" " ind2="1">
    <subfield code="a">&#xBF;C&#xF3;mo poner en marcha un cambio educativo ?</subfield>
  </datafield>
  <datafield tag="700" ind1="1" ind2=" ">
    <subfield code="a">Villela, Hugo</subfield>
    <subfield code="9">3191</subfield>
  </datafield>
  <datafield tag="700" ind1="1" ind2=" ">
    <subfield code="a">Hinkelammert, Franz</subfield>
    <subfield code="9">3192</subfield>
  </datafield>
  <datafield tag="700" ind1="1" ind2=" ">
    <subfield code="a">Landi, Oscar</subfield>
    <subfield code="9">3193</subfield>
  </datafield>
  <datafield tag="700" ind1="1" ind2=" ">
    <subfield code="a">Llano, Daniel</subfield>
    <subfield code="9">3194</subfield>
  </datafield>
  <datafield tag="700" ind1="1" ind2=" ">
    <subfield code="a">Morande, Pedro</subfield>
    <subfield code="9">3195</subfield>
  </datafield>
  <datafield tag="700" ind1="1" ind2=" ">
    <subfield code="a">Hourton, Jorge</subfield>
    <subfield code="9">3196</subfield>
  </datafield>
  <datafield tag="700" ind1="1" ind2=" ">
    <subfield code="a">Castillo, Jaime</subfield>
    <subfield code="9">3197</subfield>
  </datafield>
  <datafield tag="700" ind1="1" ind2=" ">
    <subfield code="a">Lira, Elizabeth</subfield>
    <subfield code="9">3198</subfield>
  </datafield>
  <datafield tag="700" ind1="1" ind2=" ">
    <subfield code="a">Insunza, Mario</subfield>
    <subfield code="9">3199</subfield>
  </datafield>
  <datafield tag="700" ind1="1" ind2=" ">
    <subfield code="a">Dominguez, Andres</subfield>
    <subfield code="9">3200</subfield>
  </datafield>
  <datafield tag="700" ind1="1" ind2=" ">
    <subfield code="a">Viera Gallo, J. Antonio</subfield>
    <subfield code="9">3201</subfield>
  </datafield>
  <datafield tag="700" ind1="1" ind2=" ">
    <subfield code="a">Lechner, Norbert</subfield>
    <subfield code="9">3202</subfield>
  </datafield>
  <datafield tag="942" ind1=" " ind2=" ">
    <subfield code="2">ddc</subfield>
    <subfield code="c">BK</subfield>
  </datafield>
  <datafield tag="999" ind1=" " ind2=" ">
    <subfield code="c">2341</subfield>
    <subfield code="d">2341</subfield>
  </datafield>
  <datafield tag="952" ind1=" " ind2=" ">
    <subfield code="0">0</subfield>
    <subfield code="1">0</subfield>
    <subfield code="2">ddc</subfield>
    <subfield code="4">0</subfield>
    <subfield code="7">0</subfield>
    <subfield code="a">BFM</subfield>
    <subfield code="b">BFM</subfield>
    <subfield code="c">CR</subfield>
    <subfield code="d">2017-02-24</subfield>
    <subfield code="e">Donacion Dora Vera, febrero 2017</subfield>
    <subfield code="l">0</subfield>
    <subfield code="o">323.82 34 HIN</subfield>
    <subfield code="p">3826</subfield>
    <subfield code="r">2017-02-24</subfield>
    <subfield code="t">Ej.1</subfield>
    <subfield code="w">2017-02-24</subfield>
    <subfield code="y">BK</subfield>
    <subfield code="z">Donacion Dora Vera, febrero 2017</subfield>
  </datafield>
</record>
